Bramkarze FC Porto w XXI wieku - Statystyki

Ogólne statystyki
  • Ten quiz został rozwiązany 48 razy
    17 od ostatniego zresetowania
  • Średni wynik to 4 z 21
Statystyki odpowiedzi
Lata gry Narodowość Nazwisko % Poprawnych
2015-2019 Hiszpania Iker Casillas
81%
2019- Portugalia Diogo Costa
69%
2005-2016 Brazylia Helton
44%
1999-2007 Portugalia Vítor Baía
44%
2010-2011 Polska Paweł Kieszek
38%
2009-2011 Portugalia Beto
25%
2019-2022 Argentyna Agustín Marchesín
19%
2016-2018 Portugalia José Sá
19%
2003-2004 Portugalia Bruno Vale
13%
2012-2019 Brazylia Fabiano
13%
2017-2019 Brazylia Vaná Alves
13%
2014-2015 Hiszpania Andrés Fernández
6%
2020- Portugalia Cláudio Ramos
6%
2020-2022 Portugalia Francisco Meixedo
6%
2007-2009 Portugalia Hugo Ventura
6%
2011-2014 Angola Kadú
6%
2019-2020 Senegal Mouhamed Mbaye
6%
2002-2005 2007-2010 Portugalia Nuno Espírito Santo
6%
2001-2003 Portugalia Paulo Santos
6%
2011-2012 Brazylia Rafael Bracali
6%
2000-2001 Rosja Sergey Ovchinnikov
6%
Nie znaleziono quizów pasujących do podanych kryteriów
Rozkład punktacji
Procent ludzi z każdym wynikiem
Percentyl według liczby udzielonych odpowiedzi
Twoja historia wyników
Nie rozwiązałeś tego quizu od ostatniego zresetowania